FocusbBerks, Bucks and Oxon (Record no. 83847)

MARC details
000 -LEADER
fixed length control field 00974cab a22002295a 4500
001 - CONTROL NUMBER
control field L155306
008 - FIXED-LENGTH DATA ELEMENTS--GENERAL INFORMATION
fixed length control field 120315e20120310xxk 000 0 eng d
035 ## - SYSTEM CONTROL NUMBER
System control number (Sirsi) u155306
041 0# - LANGUAGE CODE
Language code of text/sound track or separate title eng
100 1# - MAIN ENTRY--PERSONAL NAME
Personal name Simmons, Mark
245 00 - TITLE STATEMENT
Title FocusbBerks, Bucks and Oxon
260 ## - PUBLICATION, DISTRIBUTION, ETC.
Date of publication, distribution, etc. 2012
490 ## - SERIES STATEMENT
Series statement Estates Gazette
Volume/sequential designation (1210) 10 March 2012, 67-79(9)
520 ## - SUMMARY, ETC.
Summary, etc. Occupiers are finding shortage of Grade A available office space around the Thames Valley, the emergence of Banbury as a retail and industrial hot spot, notes the oversupply of secondary stock in certain areas. Market health check on office and industrial rents, take up and availability in Reading town centre and out of town, Maindenhead, Bracknell, Slough, Oxford and Milton Keynes, High Wycombe, Banbury and Bicester.
590 ## - LOCAL NOTE (RLIN)
Local note KA
651 #4 - SUBJECT ADDED ENTRY--GEOGRAPHIC NAME
Geographic name BERKSHIRE
651 #4 - SUBJECT ADDED ENTRY--GEOGRAPHIC NAME
Geographic name Buckinghamshire
651 #4 - SUBJECT ADDED ENTRY--GEOGRAPHIC NAME
Geographic name Oxfordshire
690 ## - LOCAL SUBJECT ADDED ENTRY--TOPICAL TERM (OCLC, RLIN)
Topical term or geographic name as entry element Commercial property
9 (RLIN) 6227
700 1# - ADDED ENTRY--PERSONAL NAME
Personal name Wehner, Piers
942 ## - ADDED ENTRY ELEMENTS (KOHA)
Suppress in OPAC 0
Holdings
Withdrawn status Lost status Source of classification or shelving scheme Damaged status Not for loan Home library Current library Shelving location Date acquired Total Checkouts Full call number Barcode Date last seen Copy number Price effective from Koha item type
    Dewey Decimal Classification     London London Journal article 15/03/2012   L155306 155306-1001 06/08/2019 1 06/08/2019 Journal article